Music Quiz

Random Music or Year Quiz

The Billboard Hot 100 Top 10 in 2015 Quiz Stats

Quiz not verified by Sporcle

Challenge
Share
Tweet
Embed
Score 0/55 Timer 20:00
0 Plays Today
Highest Position in 2015 Song Title % Correct
1Uptown Funk!
92.7%
2Take Me To Church
90.7%
1Bad Blood
82.8%
1Blank Space
82.1%
1Cheerleader
80.1%
5All About That Bass
79.5%
5Shake It Off
79.5%
4Shut Up And Dance
79.5%
6Fight Song
77.5%
1Hello
76.8%
1See You Again
76.2%
1The Hills
76.2%
2Thinking Out Loud
75.5%
1Can't Feel My Face
75.5%
4FourFiveSeconds
73.5%
7Jealous
72.8%
2Sugar
72.8%
2Trap Queen
72.8%
3Watch Me
70.2%
4Lean On
70.2%
2Hotline Bling
70.2%
4Stitches
70.2%
6Style
69.5%
9Honey, I'm Good
69.5%
2Sorry
69.5%
4Lips Are Movin
66.2%
3Love Me Like You Do
66.2%
1What Do You Mean?
66.2%
Highest Position in 2015 Song Title % Correct
5Wildest Dreams
64.9%
10Centuries
64.2%
6Locked Away
63.6%
5I'm Not The Only One
62.9%
7Love Me Harder
61.6%
8Where Are U Now
61.6%
5Good For You
60.9%
10Photograph
60.9%
10Ex's & Oh's
60.9%
4Love Yourself
60.9%
8Here
60.9%
8Hey Mama
60.3%
3Drag Me Down
58.9%
8Animals
56.3%
4679
56.3%
3Earned It (Fifty Shades Of Grey)
55.6%
8Like I'm Gonna Lose You
54.3%
5Want To Want Me
51%
10Perfect
49.7%
8G.D.F.R.
49%
10Somebody
46.4%
9Same Old Love
45%
9Time Of Our Lives
43.7%
7Focus
42.4%
8Lay Me Down
40.4%
7My Way
33.1%
9Nasty Freestyle
32.5%

You're not logged in!

Compare scores with friends on all Sporcle quizzes.
Sign Up with Email
OR
Log In

You Might Also Like...

Show Comments

Extras

Top Quizzes Today


Score Distribution

Your Account Isn't Verified!

In order to create a playlist on Sporcle, you need to verify the email address you used during registration. Go to your Sporcle Settings to finish the process.